[Event "IECG CA.2008.0.00193"]
[Site "IECG email"]
[Date "2008.03.09"]
[Round "?"]
[White "Vico, Alejandro"]
[Black "Meiners, Edwin"]
[Result "1-0"]
[WhiteElo "2032"]
[BlackElo "2076"]
[PlyCount "59"]
[EventDate "2008.03.09"]
[EventType "tourn (corr)"]
[EventRounds "6"]
[SourceTitle "Corr 2024"]
[Source "ChessBase"]
[SourceDate "2023.10.19"]
[SourceVersion "1"]
[SourceVersionDate "2023.10.19"]
[SourceQuality "1"]

1. d4 Nf6 2. c4 g6 3. Nc3 Bg7 4. e4 d6 5. Nf3 0-0 6. Be2 c5 7. d5 Qb6 8. Nd2 Nbd7 9. f4 Re8 10. 0-0 e6 11. dxe6 Rxe6 12. Bd3 a6 13. Nf3 Re8 14. Re1 Qc7 15. a4 b6 16. Qc2 Bb7 17. Bd2 Rac8 18. Rac1 Qd8 19. Rcd1 Nf8 20. Nd5 Ne6 21. b3 Nxd5 22. cxd5 Nd4 23. Nxd4 Bxd4+ 24. Kh1 Qh4 25. Rf1 Re7 26. a5 b5 27. Rf3 f5 28. Rh3 Qg4 29. Rg3 c4 30. Rxg4 1-0

[Event "IECG CP.2001.Q.00010 email"]
[Site "IECG email"]
[Date "2002.10.01"]
[Round "?"]
[White "Vico, Alejandro"]
[Black "Baier, Guenter"]
[Result "1/2-1/2"]
[WhiteElo "2003"]
[BlackElo "2329"]
[PlyCount "53"]
[EventDate "2002.10.01"]
[EventType "tourn (corr)"]
[EventRounds "6"]
[EventCountry "GER"]
[SourceTitle "Corr 2008"]
[Source "ChessBase"]
[SourceDate "2008.06.24"]
[SourceVersion "1"]
[SourceVersionDate "2008.06.24"]
[SourceQuality "1"]

1. d4 Nf6 2. c4 e6 3. Nf3 b6 4. g3 Ba6 5. b3 Bb7 6. Bg2 Bb4+ 7. Bd2 a5 8. 0-0 0-0 9. Qc2 d6 10. Nc3 Nbd7 11. Rfe1 Bxc3 12. Bxc3 Be4 13. Qc1 h6 14. h3 Qe7 15. Qe3 Rfe8 16. a3 e5 17. Rac1 a4 18. b4 Rac8 19. dxe5 dxe5 20. Red1 Qe6 21. Bb2 c5 22. b5 Rcd8 23. g4 Rb8 24. g5 Bxf3 25. Bxf3 hxg5 26. Qxg5 Qxh3 27. Rd3 1/2-1/2

[Event "IECG CP.2002.P.00018 email"]
[Site "IECG email"]
[Date "2002.10.01"]
[Round "?"]
[White "Vico, Alejandro"]
[Black "Lyew, Merrill"]
[Result "1/2-1/2"]
[WhiteElo "2003"]
[BlackElo "1671"]
[PlyCount "66"]
[EventDate "2002.10.01"]
[EventType "tourn (corr)"]
[EventRounds "6"]
[EventCountry "GER"]
[SourceTitle "Corr 2008"]
[Source "ChessBase"]
[SourceDate "2008.06.24"]
[SourceVersion "1"]
[SourceVersionDate "2008.06.24"]
[SourceQuality "1"]

1. d4 Nf6 2. c4 e6 3. Nf3 b6 4. g3 Bb7 5. Bg2 Be7 6. 0-0 0-0 7. Nc3 Ne4 8. Qc2 Nxc3 9. Qxc3 c5 10. dxc5 bxc5 11. Rd1 d6 12. Qd3 Nc6 13. a3 Qc7 14. Ng5 Bxg5 15. Bxg5 Ne5 16. Qxd6 Qxd6 17. Rxd6 Bxg2 18. Kxg2 Nxc4 19. Ra6 Rfc8 20. Rc1 Nxb2 21. Be3 c4 22. Bd4 Rab8 23. Rxa7 h6 24. a4 f6 25. a5 e5 26. Be3 c3 27. a6 Rb3 28. Rc2 Nc4 29. Bc1 Na5 30. Rd7 Ra8 31. a7 Nc6 32. Be3 Nd4 33. Bxd4 exd4 1/2-1/2

[Event "IECG CA.2002.0.00048 email"]
[Site "IECG email"]
[Date "2002.05.01"]
[Round "1"]
[White "Vico, Alejandro"]
[Black "Herman, Lex"]
[Result "1-0"]
[WhiteElo "2003"]
[BlackElo "2089"]
[PlyCount "37"]
[EventDate "2002.05.01"]
[EventType "tourn (corr)"]
[EventRounds "6"]
[SourceTitle "Corr 2024"]
[Source "ChessBase"]
[SourceDate "2023.10.19"]
[SourceVersion "1"]
[SourceVersionDate "2023.10.19"]
[SourceQuality "1"]

1. e4 e5 2. Nf3 Nc6 3. Bb5 a6 4. Ba4 Nf6 5. 0-0 Bc5 6. c3 0-0 7. d4 Bb6 8. dxe5 Nxe4 9. Qd5 Nc5 10. Bc2 Ne7 11. Qd1 d5 12. exd6 Qxd6 13. Qxd6 cxd6 14. Be3 Nf5 15. Bf4 Ne6 16. Bd2 Ne7 17. Re1 Re8 18. Na3 d5 19. Be3 1-0

[Event "IECG CP.2001.P.00085"]
[Site "IECG email"]
[Date "2001.10.01"]
[Round "?"]
[White "Buese, Ralf"]
[Black "Vico, Alejandro"]
[Result "1/2-1/2"]
[WhiteElo "2114"]
[BlackElo "1992"]
[PlyCount "71"]
[EventDate "2001.10.01"]
[EventType "tourn (corr)"]
[EventRounds "6"]
[SourceTitle "Corr 2008"]
[Source "ChessBase"]
[SourceDate "2008.06.24"]
[SourceVersion "1"]
[SourceVersionDate "2008.06.24"]
[SourceQuality "1"]

1. Nf3 d5 2. g3 Nf6 3. Bg2 c6 4. 0-0 Bg4 5. d3 Nbd7 6. Nbd2 e5 7. h3 Bh5 8. e4 dxe4 9. dxe4 Qc7 10. Qe1 Be7 11. Nh4 Bg6 12. a4 0-0 13. Nxg6 hxg6 14. Qe2 Nc5 15. b3 Rad8 16. Bb2 Ne6 17. Nf3 Bd6 18. h4 a5 19. Rae1 Nc5 20. Nd2 Ne6 21. Nf3 Rfe8 22. Rd1 c5 23. Qc4 Re7 24. Ng5 Nd4 25. Rd2 Nd7 26. Rfd1 Nb6 27. Qf1 Ree8 28. Bc3 Nd7 29. Nf3 Be7 30. Bb2 Nb6 31. Qe1 Nd7 32. Qe3 Nf6 33. Qd3 c4 34. bxc4 Bb4 35. c3 Nxf3+ 36. Qxf3 1/2-1/2

[Event "IECG CP.2001.P.00085"]
[Site "IECG email"]
[Date "2001.10.01"]
[Round "?"]
[White "Meetze, Bill"]
[Black "Vico, Alejandro"]
[Result "0-1"]
[WhiteElo "1642"]
[BlackElo "1992"]
[PlyCount "124"]
[EventDate "2001.10.01"]
[EventType "tourn (corr)"]
[EventRounds "6"]
[SourceTitle "Corr 2008"]
[Source "ChessBase"]
[SourceDate "2008.06.24"]
[SourceVersion "1"]
[SourceVersionDate "2008.06.24"]
[SourceQuality "1"]

1. e4 c5 2. Nf3 d6 3. d4 cxd4 4. Nxd4 Nf6 5. Nc3 a6 6. Bg5 e6 7. f4 Qc7 8. Bxf6 gxf6 9. Be2 Nc6 10. Qd3 Rg8 11. Nxc6 bxc6 12. 0-0 d5 13. exd5 cxd5 14. Qxh7 Rg7 15. Qh4 Qb6+ 16. Kh1 Qxb2 17. Qxf6 Rg6 18. Qh8 Bd7 19. Rab1 Qa3 20. Rb3 Qc5 21. Bd3 Rh6 22. Qe5 Bd6 23. Qg5 Rh8 24. Qg7 Ke7 25. Qg5+ Ke8 26. Ne2 a5 27. Qf6 Rg8 28. Bh7 Rf8 29. Rc3 Qb6 30. Rcf3 Qd8 31. Qg7 Be7 32. Rb1 Bf6 33. Qh6 Bh4 34. Rfb3 Rc8 35. Bd3 Bf6 36. Qh3 Rh8 37. Qe3 Bg7 38. c3 a4 39. Rb7 Bc6 40. R7b6 Qh4 41. h3 d4 42. Rxc6 dxe3 43. Rxc8+ Kd7 44. Rc4 Rd8 45. Rxa4 Ke8 46. Bb5+ Kf8 47. Ra7 Qf2 48. Ba6 Bh6 49. f5 Qxf5 50. Ra1 Rd2 51. Ra8+ Kg7 52. a4 Qf2 53. Rb8 Rxe2 54. Bxe2 Qxe2 55. Rbb1 Qf2 56. Rf1 Qg3 57. Rf3 Qh4 58. Ra2 Qe1+ 59. Kh2 e2 60. a5 Bd2 61. Ra4 f5 62. Rd4 Qc1 0-1

[Event "IECG CP.2001.P.00085"]
[Site "IECG email"]
[Date "2001.10.01"]
[Round "?"]
[White "Vico, Alejandro"]
[Black "Olesen, Esper"]
[Result "1-0"]
[WhiteElo "1992"]
[BlackElo "1350"]
[PlyCount "49"]
[EventDate "2001.10.01"]
[EventType "tourn (corr)"]
[EventRounds "6"]
[SourceTitle "Corr 2008"]
[Source "ChessBase"]
[SourceDate "2008.06.24"]
[SourceVersion "1"]
[SourceVersionDate "2008.06.24"]
[SourceQuality "1"]

1. e4 e5 2. Nf3 Nc6 3. Bb5 a6 4. Ba4 b5 5. Bb3 Bc5 6. 0-0 d6 7. c3 Bg4 8. Bd5 Qd7 9. b4 Bb6 10. Bxc6 Qxc6 11. Nxe5 Qxe4 12. Nxg4 0-0-0 13. d3 Qg6 14. Ne3 h5 15. Nd5 Ba7 16. a4 c6 17. Nf4 Qf6 18. axb5 g5 19. Qa4 gxf4 20. Qxa6+ Kd7 21. Re1 Bxf2+ 22. Kxf2 Qh4+ 23. Kf1 Ne7 24. Qb7+ Ke8 25. Ra7 1-0

[Event "IECG TE.2001.P.00607 email"]
[Site "IECG email"]
[Date "2001.03.20"]
[Round "?"]
[White "Vico, Alejandro"]
[Black "Compagnone, Gaetano"]
[Result "1/2-1/2"]
[WhiteElo "1992"]
[BlackElo "2121"]
[PlyCount "86"]
[EventDate "2001.03.20"]
[EventType "tourn (corr)"]
[EventRounds "12"]
[SourceTitle "Corr 2008"]
[Source "ChessBase"]
[SourceDate "2008.06.24"]
[SourceVersion "1"]
[SourceVersionDate "2008.06.24"]
[SourceQuality "1"]

1. e4 c5 2. d4 cxd4 3. c3 dxc3 4. Nxc3 Nc6 5. Nf3 e6 6. Bb5 Bb4 7. 0-0 Nge7 8. Bf4 a6 9. Bxc6 Nxc6 10. Bd6 Qa5 11. Bxb4 Qxb4 12. Qd2 0-0 13. Rfd1 Rd8 14. a3 Qe7 15. Rac1 d6 16. Qe3 Bd7 17. Nd2 Ne5 18. f4 Ng6 19. Nc4 Bc6 20. Nb6 Rab8 21. b4 Qh4 22. g3 Qg4 23. Rd2 f5 24. exf5 Qxf5 25. Rf1 e5 26. fxe5 Qxe5 27. Nc4 Qxe3+ 28. Nxe3 Ne5 29. Ncd5 Kh8 30. h4 Rf8 31. Rxf8+ Rxf8 32. Rf2 Rxf2 33. Kxf2 Kg8 34. Nb6 Kf7 35. Nf5 d5 36. Ke3 Kf6 37. Nd4 h6 38. a4 Nd7 39. Nxd7+ Bxd7 40. a5 Bh3 41. b5 axb5 42. Nxb5 Ke5 43. Nd4 Bg4 1/2-1/2

[Event "IECG TE.2001.P.00607 email"]
[Site "IECG email"]
[Date "2001.03.20"]
[Round "?"]
[White "Vico, Alejandro"]
[Black "Hall, Roland"]
[Result "1-0"]
[WhiteElo "1992"]
[BlackElo "1138"]
[PlyCount "69"]
[EventDate "2001.03.20"]
[EventType "tourn (corr)"]
[EventRounds "12"]
[SourceTitle "Corr 2008"]
[Source "ChessBase"]
[SourceDate "2008.06.24"]
[SourceVersion "1"]
[SourceVersionDate "2008.06.24"]
[SourceQuality "1"]

1. e4 c5 2. d4 cxd4 3. c3 dxc3 4. Nxc3 Nc6 5. Nf3 d6 6. Bc4 e6 7. 0-0 Nf6 8. Qe2 Be7 9. Rd1 Qc7 10. Nb5 Qb8 11. Bg5 0-0 12. Bxf6 Bxf6 13. Nxd6 Ne5 14. Rd2 a6 15. Rad1 Qc7 16. Bb3 b5 17. Nxe5 Bxe5 18. Qh5 Bxd6 19. Rxd6 Bb7 20. e5 Rad8 21. Qg5 h6 22. Qxd8 Rxd8 23. Rxd8+ Kh7 24. R8d7 Qc6 25. f3 Qc5+ 26. Kh1 Bc8 27. Rxf7 Kg8 28. Rf4 Kh7 29. Re4 Qf2 30. Ree1 a5 31. Rc1 Bb7 32. Bxe6 Qxb2 33. Bf5+ Kg8 34. e6 Qf6 35. e7 1-0

[Event "CAPA 7/I/15 email"]
[Site "Argentina"]
[Date "2000.??.??"]
[Round "1"]
[White "Dominguez, Carlos Isaias"]
[Black "Vico, Alejandro"]
[Result "1/2-1/2"]
[WhiteElo "2170"]
[BlackElo "2170"]
[PlyCount "49"]
[EventDate "2000.??.??"]
[EventType "tourn (corr)"]
[EventRounds "6"]
[EventCountry "ARG"]
[SourceTitle "Corr 2002"]
[Source "ChessBase"]
[SourceDate "2002.05.23"]
[SourceVersion "1"]
[SourceVersionDate "2002.05.23"]
[SourceQuality "1"]

1. d4 d5 2. c4 e6 3. Nf3 Nf6 4. Bg5 Bb4+ 5. Nbd2 dxc4 6. a3 Bxd2+ 7. Qxd2 b5 8. Qf4 Bb7 9. Bxf6 gxf6 10. e3 Nd7 11. Be2 c5 12. 0-0 cxd4 13. Qxd4 Rg8 14. g3 Ke7 15. a4 a6 16. b3 Ne5 17. Qc5+ Qd6 18. Qxd6+ Kxd6 19. Nxe5 fxe5 20. bxc4 b4 21. c5+ Ke7 22. a5 Be4 23. Ra2 b3 24. Rb2 Bc2 25. Bd1 1/2-1/2